| 000 | 00624nam a2200181 i 4500 | ||
|---|---|---|---|
| 001 | 30380 | ||
| 003 | ES-MaACL | ||
| 005 | 20230906154202.0 | ||
| 007 | t| | ||
| 008 | 030124s1958 sp ||||1| spa d | ||
| 100 | 1 |
_aBaur, John I. H. _926608 |
|
| 245 | 1 | 3 |
_aEl arte moderno americano _b: cincuenta pintores del siglo XX / _cpor John I.H. Baur ; traducción Carlos Soldevilla ; revisión A. Cirici-Pellicer. |
| 260 |
_aBarcelona : _bRauter, _c[1958] |
||
| 300 |
_a280 p., 40 lám. : _bil. ; _c31 cm. |
||
| 700 | 1 |
_aSoldevilla, Carlos. _9107112 |
|
| 700 | 1 |
_aCirici, Alexandre. _938890 |
|
| 852 |
_aES-MaACL _jC-15057 _bR.43042 |
||
| 999 |
_c30380 _d30380 |
||